000 00799nam0a2200265 i 4500
001 RU\NLR\BIBL_A\011284816
005 20240726223343.0
010 _a9785906909046
_950
021 _aRU
_b2016-87071
_95716
035 _a(NLR Aleph) 011284816
090 _a10888325
_c10888325
100 _a20161201d2016 u y0rusy50 ca
101 0 _arus
102 _aRU
105 _ay z 000zy
200 1 _aДарей и Аида
_eсказка пятая
_fЕрмилов Н.Н.
210 _aМосква
_cПеро
_d2016
215 _a26 с.
_d21
686 2 _aШ6(2=Р)8-5
700 1 _aЕрмилов
_bН. Н.
_gНиколай Николаевич
942 _cBOOK
980 _aNBR